000 00444pab a2200145 454500
008 180718b1986 xxu||||| |||| 00| 0 eng d
100 _aWilson, Frankun D.
245 _aTemporal and subsnational variationsin the reversal of migration flows between metropolitan and non - metropolitan areas
_b1935-80
260 _c1986
300 _a501-24
362 _aDec.
650 _aPopulation - Migration
773 _aSocial Forces
909 _a15530
999 _c15530
_d15530